Formule 1 - Décodeur - Statistiques

Statistiques générales
  • Ce quiz a été pris 854 fois
  • Le résultat moyen est 16 sur 29
Statistiques - réponses
Lettre Question Réponse % Correct
E Quelle est la nationalité de Carlos Sainz ? Espagnol
100%
O Quel pilote français a remporté en Hongrie 2021 la seule victoire en Grand Prix de sa carrière ? Esteban Ocon
95%
D Comment s'appelle le mécanisme permettant aux pilotes, sous certaines conditions, d' "ouvrir" son aileron arrière pour gagner de la vitesse en ligne droite ? DRS (Drag Reduction System)
93%
A Quelle écurie, qui roulera en 2025, est de couleur vert foncé ? Aston Martin
91%
R Quel pilote a roulé pour Williams et Mercedes, et est sur la grille de 2025? George Russell
85%
Q Pays du moyen-orient accueillant la F1 sur le circuit de Losail ? Qatar
70%
A Anciennement Renault, sa seule victoire est celle mentionné dans la 4ème question Alpine
68%
M Écurie dont le dernier titre pilote date de 2008 avec un certain Lewis Hamilton McLaren
66%
A Pilote ayant remporté 2 championnats du monde à bord de la R25 et R26 Fernando Alonso
65%
S Nom du circuit situé au Japon, le seul en forme de 8 sur le calendrier de la Formule 1 Suzuka
64%
S Nom complet d'une écurie italienne très connue Scuderia Ferrari
60%
M Quelle écurie a fait son apparition en 2010, remplaçant Brawn GP ? Mercedes
59%
I Ville qui accueillait un Grand Prix en Turquie Istanbul
51%
H Pilote actuel sans victoire mais avec une pôle position et un podium Nico Hülkenberg
51%
U Stratégie consistant à rentrer aux stands avant le pilote devant soi pour pouvoir ressortir devant lui lorsque celui-ci rentrera aux stands Undercut
50%
N Sur quel circuit Niki Lauda a-t-il eu son grave accident en 1976 ? Nürburgring
49%
O "Dépassement" en anglais Overtake
49%
E Région où se trouve le circuit d'Imola Émilie-Romagne
46%
T Marque japonaise ayant roulé entre 2002 et 2009 Toyota
46%
Aérodynamique
44%
U Nom du pneumatique de couleur violette, avec la 2ème meilleure endurance et 2ème plus faible longévité (sans compter les pneumatiques pluie) Ultra tendre (Ultrasoft)
41%
S Pénalité sévère consistant à arrêter une monoplace aux stands pendant un certain temps, puis sans n'avoir rien touché dessus, repartir des stands Stop-and-go
40%
Moteur
36%
Châssis
35%
C Comment s'appellent les bénévoles qui s'occupent de nettoyer la piste, de retirer les monoplaces endomagées, etc... ? Commissaire de course (marshal)
31%
I Quel pilote a été vice-champion en 1999 et équipier de Michael Schumacher la même année ? Eddie Irvine
28%
R Pilote mort à Saint-Marin 1 jour avant Ayrton Senna, il est d'origine autrichienne Roland Ratzenberger
27%
Y Pilote japonais, son prénom est Sakon Sakon Yamamoto
21%
E Nom du circuit se trouvant au Portugal et qui accueillait la Formule 1 entre 1984 et 1996 Estoril
18%
Aucun quiz correspondant
Distribution des résultats
% des personnes avec chaque résultat
Percentile par nombre de réponses
Votre historique - résultats
Vous n’avez pas pris ce quiz